| 000 | 00690nam a2200205 a 4500 | ||
|---|---|---|---|
| 003 | AM-YeHGA | ||
| 005 | 20250617155723.0 | ||
| 008 | 180228s1951 ru a||||r|||||000|0|rus|| | ||
| 040 | _aAM-YeHGA | ||
| 041 | 0 | _arus | |
| 100 | 1 | _aЧуковская, Лидия Корнеевна | |
| 245 | 1 | 0 |
_aДекабристы - исследователи Сибири / _cЛ.К. Чуковская. |
| 260 |
_aМосква : _bГеографгиз, _c1951. |
||
| 300 |
_a136 с. : _bил. ; _c20 см. |
||
| 650 | 1 | 4 | _aИстория России |
| 653 | 0 | _aДекабристы в Сибири | |
| 653 | 0 | _aСибирь - Исследования | |
| 942 |
_2udc _cBK |
||
| 090 | _c440349 | ||
| 999 |
_c437642 _d437642 |
||